| 000 | 00792cam a2200229 4500 | ||
|---|---|---|---|
| 008 | 090401t1991 xxu||||| |||| 00| 0 eng d | ||
| 020 | _a075069162X | ||
| 035 | _a(Sirsi) u1071 | ||
| 041 | _aeng | ||
| 050 | _a695 | ||
| 100 | _aMcCampbell, B. Harrison | ||
| 245 | _aProblems in roofing design. | ||
| 260 |
_aBoston _bButterworth Architecture _c1991 |
||
| 300 | _axxv,227p. : ill. ; 26cm. | ||
| 350 | _a32.5 | ||
| 520 | _aAn American book, which describes 101 examples of the most common roof detailing problems. Provides photographs of the defects and detailed drawings explaining the remedies | ||
| 650 | _aBUILDING DEFECTS | ||
| 650 | _aBUILT ENVIRONMENT-BUILDING ELEMENTS-COMPLETE BUILDING ELEMENTS-ROOFS | ||
| 690 | _aBUILT ENVIRONMENT | ||
| 942 | _n0 | ||
| 948 | _c04/03/1997 | ||
| 999 |
_c85624 _d85624 |
||